Phoebe Bridgers - Smoke Signals (Lyrics) - Statistics

General Stats
  • This quiz has been taken 359 times
  • The average score is 215 of 279
Answer Stats
Answer % Correct
you
99%
You,
99%
You
99%
you,
99%
a
98%
I
98%
signals
97%
smoke
97%
the
97%
The
97%
in
95%
when
95%
an
94%
to
94%
We
94%
it
92%
me
92%
Sending
92%
on
91%
up
91%
for
90%
looking
90%
with
90%
With
90%
and
89%
And
89%
been
89%
place
89%
grew
88%
went
88%
Why
88%
out
87%
week
85%
circling
84%
cold
84%
Just
84%
of
84%
spent
84%
is
83%
Is
83%
long
83%
Where
83%
must've
82%
Pelicans
82%
enough
81%
got
81%
my
81%
trash
81%
your
81%
beach
80%
died
80%
old
80%
Any
79%
then,
77%
then
77%
bed
76%
longer,
76%
would've
75%
I'm
75%
were
75%
Burning
74%
It's
71%
it's
71%
like
71%
Singing
71%
alright
70%
kid
70%
But
69%
dad
69%
did
69%
head
69%
live
69%
walk
69%
"Ace
68%
again,
68%
around
68%
back
68%
Bowie
68%
know
68%
nothing's
67%
that
67%
you're
67%
changed,
66%
didn't
66%
happened
66%
"How
66%
One
66%
reservoir
66%
Spades"
66%
until
66%
will
66%
always
65%
eyes
65%
feels
65%
L.A.'s
65%
sleeping
65%
Something
65%
all
64%
dead
64%
half
64%
I'll
64%
never
64%
said
64%
shut
64%
understand
64%
at
63%
getting
63%
song
63%
creep
62%
mind
62%
Now"
62%
Soon
62%
want
62%
makes
61%
since
61%
van
61%
else
60%
because
59%
somebody
59%
80s
58%
Inn
58%
Holiday
57%
Lived
57%
campground
55%
inside
55%
Lemmy
55%
slept
55%
them
54%
cops
53%
from
53%
Walden
53%
'cause
52%
fuck
52%
sedan
52%
hide
51%
our
51%
wall
51%
We'll
51%
gonna
50%
problems,
50%
TV
50%
watch
50%
riding
49%
shotgun,
49%
stars
49%
am
48%
are
48%
checking
48%
death
48%
lights
48%
solve
48%
speeding,
48%
Put
46%
street
46%
concrete
45%
life
44%
lavender
43%
coming
42%
while
42%
past
40%
future's
39%
hatchet,
39%
through
39%
unwritten;
39%
anonymous,
38%
buried
38%
corridor
37%
exit,
35%
hall
32%
No matching quizzes found
Score Distribution
Percent of People with Each Score
Percentile by Number Answered
Your Score History
You have not taken this quiz